| 000 | 00624nam a2200241Ia 4500 | ||
|---|---|---|---|
| 008 | 220216s9999 xx 000 0 und d | ||
| 100 | _aTurturro A | ||
| 245 | 0 | _aTubeless tyre inner liners morphology and physical properties of elastomeric blends | |
| 260 |
_bKautschuk Gummi Kunststoffe _c2001 |
||
| 300 | _a36-42 | ||
| 650 | _aCIIR-BIIR | ||
| 650 | _aGas permeability | ||
| 650 | _aInner liner | ||
| 650 | _aMorphology | ||
| 650 | _aScorch time | ||
| 650 | _aViscosity | ||
| 700 | _aFalqui L | ||
| 700 | _aGiuliani G | ||
| 700 | _aLoprevite M | ||
| 700 | _aMowdood D | ||
| 700 | _aSerra A | ||
| 942 | _cJS | ||
| 999 |
_c71608 _d71608 |
||